| 000 | 01632nab a22002297a 4500 | ||
|---|---|---|---|
| 999 |
_c5994 _d5994 |
||
| 003 | OSt | ||
| 005 | 20260115190635.0 | ||
| 008 | 190605e xxu||||| |||| 00| 0 spa d | ||
| 040 | _cPJ | ||
| 100 |
_96169 _aMosquera, Gerardo Raúl |
||
| 245 | 1 | 0 |
_aExtensión del período de prueba por convención colectiva. Una oportunidad para fortalecer los derechos laborales / _cGerardo Raúl Mosquera. |
| 260 |
_aCiudad Autónoma de Buenos Aires : _bThomson Reuters La Ley, _c2025. |
||
| 300 | _ap. 20-29 | ||
| 500 | _aCita Online: Cita: TR LALEY AR/DOC/348/2025. | ||
| 505 | _aSumario: I. Introducción.— II. Período de Prueba según ley 27.742.— III. Intervención sindical y rol de la Convención Colectiva de Trabajo.— IV. Limitaciones de la Convención Colectiva de Trabajo.— V. Extensión del período de prueba y principio de no regresividad.— VI. Beneficios y protección del trabajador que pueden surgir de la extensión del período de prueba. Función del protocolo, Código de Ética y del Oficial de Cumplimiento.— VII. La figura del Oficial de Cumplimiento.— VIII. Protocolo para el período de prueba.— IX. El beneficio empresario.— X. La protección reforzada durante el período de prueba.— XI. Conclusiones. | ||
| 505 | _t¿Te interesa el texto completo? Solicitalo al correo: koha@justierradelfuego.gov.ar | ||
| 650 | 0 |
_91316 _aDERECHO LABORAL |
|
| 650 | 0 |
_91323 _aCONTRATO DE TRABAJO |
|
| 650 | 0 |
_96786 _aPERIODO DE PRUEBA |
|
| 773 | 0 |
_02711 _93168 _dCiudad Autónoma de Buenos Aires : Thomson Reuters La Ley, 1999-2002. _tRevista de derecho del trabajo. Nº 2 - Marzo 2025 |
|
| 942 |
_2udc _cANA |
||